LEADER 01453nam a2200265 4500 001 000000349200 003 CaOOAMICUS 005 20220121122121.0 008 220121s1954 gw 000 u ger r 040 $aSeMil$bita 100 1 $aGoppelt, Leonhard,$d<1911-1973>.$0(OLS)http://semarc/name/6737 245 10$aChristentum und Judentum im ersten und zweiten Jahrhundert :$bEin Aufriß der Urgeschichte der Kirche /$cLeonhard Goppelt. 264 1$aGütersloh :$bC. Bertelsmann ,$c1954. 300 $aXI, 328 p. ;$c23 cm 490 1 $aBeiträge zur Förderung christlicher Theologie. 2 Reihe : Sammlung Wissenschaftlicher Monographien ;$v55 650 4$aChiesa - Storia - Origini.$0(OLS)http://semarc/subject/1096 650 4$aCristianesimo e ebraismo - Storia - Sec. 1.-2.$0(OLS)http://semarc/subject/51544 650 4$aCristianesimo e ebraismo.$0(OLS)http://semarc/subject/44782 830 0$aBeiträge zur Förderung christlicher Theologie. 2 Reihe, Sammlung Wissenschaftlicher Monographien ;$v55.$0(OLS)http://semarc/title/438736 850 $aSeMil 852 $aSeMil$W1$xVenegono$y1$m2M III 1$j231481$B240263$CSeMilBibl$Z2$F240263 $81 961 $aPerego don Stefano - Omaggio 996 $6245$aChristentum und Judentum im ersten und zweiten Jahrhundert :$bEin Aufriß der Urgeschichte der Kirche$9(OLS)http://semarc/title/438733 996 $6264$aGütersloh :$bC. Bertelsmann $9(OLS)http://semarc/publisher/60281 LEADER 01498nam a2200301 4500 001 000000347611 003 CaOOAMICUS 005 20210902142142.0 008 210902s1994 it a 000 u ita r 040 $aSeMil$bita 100 1 $aFilippini, Roberto.$0(OLS)http://semarc/name/114558 245 10$aLuci di Natale :$bpagine bibliche, poesie ed immagini /$cRoberto Filippini, Riccardo Fontana, Janni Sabucco ; prefazione di S.E. Mons. Alessandro Plotti. 264 1$aPisa :$bOffset grafica,$c1994. 300 $a91 p. :$bill. ;$c24 cm 490 1 $aQuaderni stenoniani dell'Istituto superiore di scienze religiose Niccolò Stenone di Pisa ;$v3 541 0 $aOmaggio card. Angelo Scola 650 4$aNatale.$0(OLS)http://semarc/subject/7955 700 1 $aFontana, Riccardo.$0(OLS)http://semarc/name/114559 700 1 $aSabucco, Janni.$0(OLS)http://semarc/name/114560 700 1 $aPlotti, Alessandro,$c.$0(OLS)http://semarc/name/49661 830 0$aQuaderni stenoniani dell'Istituto superiore di scienze religiose Niccolò Stenone di Pisa ;$v3.$0(OLS)http://semarc/title/436903 850 $aSeMil 852 $aSeMil$W1$xVenegono$y1$m2C VI 356$j229580$B238663$CSeMilBibl$Z2$F238663 $81 941 1 $a6 961 $aOmaggio card. Angelo Scola 996 $6245$aLuci di Natale :$bpagine bibliche, poesie ed immagini$9(OLS)http://semarc/title/436902 996 $6264$aPisa :$bOffset grafica$9(OLS)http://semarc/publisher/60083 LEADER 00920nam a2200229 i 4500 001 000000013305 003 CaOOAMICUS 005 20211130163411.0 008 180830s1984 it u000 u ita u 020 $a88-7050-478-6 040 $aSeMil$bita 245 10$aCanti di Giacomo Leopardi :$bedizione critica e autografi /$ca cura di Domenico De Robertis. 260 $aMilano :$bIl Polifilo,$ccopyr. 1984. 300 $a2 v. ;$c25 cm. 650 4$aLeopardi, Giacomo <1798-1837> . Canti.$0(OLS)http://semarc/subject/2220 700 1 $aDe Robertis, Domenico,$d<1921-2011>.$0(OLS)http://semarc/name/3205 774 0 $t1.$w()137857 774 0 $t2.$w()137862 996 $6020$a88-7050-478-6$9(OLS)http://semarc/number/979 996 $6245$aCanti di Giacomo Leopardi :$bedizione critica e autografi$9(OLS)http://semarc/title/17734 996 $6260$aMilano :$bIl Polifilo$9(OLS)http://semarc/publisher/29802 LEADER 00942nam a2200217 i 4500 001 000000023355 003 CaOOAMICUS 005 20180830125446.0 008 180830s1915 it u000 u ita u 040 $aSeMil$bita 100 1 $aFelder, Ilarino.$0(OLS)http://semarc/name/40039 245 12$aL'ideale di San Francesco d'Assisi /$cIlarino Felder ; versione dall'originale tedesco autorizzata dall'autore del P. Leone Da Lavertezzo. 250 $a2. ed. 260 $aFirenze :$bLibreria Editrice Fiorentina,$c1915. 300 $a2 v. ;$c23 cm. 600 04$aFrancesco : d'Assisi .$0(OLS)http://semarc/subject/1416 700 1 $aDa Lavertezzo, Leone.$0(OLS)http://semarc/name/60790 774 0 $tVolume 1.$w()189663 774 0 $tVolume 2.$w()189665 996 $6245$aL'ideale di San Francesco d'Assisi$9(OLS)http://semarc/title/401815 996 $6260$aFirenze :$bLibreria Editrice Fiorentina$9(OLS)http://semarc/publisher/30629 LEADER 01402nam a2200289 i 4500 001 000000066234 003 CaOOAMICUS 005 20091017000000.0 008 091017s1963 it u000 u ita u 013 $a37406 040 $aSeMil$bita 100 0 $aPius XII,$c.$0(OLS)http://semarc/name/6093 245 12$aL'Università Cattolica :$bmirabile opera di carità cristiana. Conferenza tenuta il 6 settembre 1933 a Roma in occasione della 17. Settimana sociale dei cattolici d'Italia /$cEugenio Card. Pacelli. 260 $aMilano :$bVita e Pensiero,$c1963. 300 $a19 p. ;$c22 cm. 490 0 $aVivat crescat floreat 650 4$aMilano - Università Cattolica del Sacro Cuore.$0(OLS)http://semarc/subject/9811 830 0$aVivat crescat floreat.$0(OLS)http://semarc/title/18576 850 $aSeMil 852 $aSeMil$W1$xVenegono$y1$m3D V 174$j32387$B32387$CSeMilBibl$Z2$F32390 $81 900 1 $aPacelli, Eugenio,$d<1876-1958>. 900 0 $aPio XII$c. 961 $aOmaggio: Aceti don Guido 996 $6245$aL'Università Cattolica :$bmirabile opera di carità cristiana. Conferenza tenuta il 6 settembre 1933 a Roma in occasione della 17. Settimana sociale dei cattolici d'Italia$9(OLS)http://semarc/title/105302 996 $6260$aMilano :$bVita e Pensiero$9(OLS)http://semarc/publisher/29642 LEADER 01263nam a2200289 4500 001 000000366169 003 CaOOAMICUS 005 20260129105614.0 008 260128s2009 fr a 000 u fre r 020 $a978-2-01-145973-2 040 $aSeMil$bita 100 1 $aCornette, Joël,$d<1949- >.$0(OLS)http://semarc/name/123656 245 12$aL'affirmation de l'État absolu 1492-1652 :$bhistoire de la France /$cJoël Cornette. 250 $a6. Éd. revue et augmentée 264 1$aParis :$bHachette,$c2009. 300 $a335 p. :$bill. ;$c21 cm 490 1 $aCarré Histoire ;$v21 650 4$aFrancia - Storia - Sec. 16.-17.$0(OLS)http://semarc/subject/58237 650 4$aAssolutismo - Francia - Sec. 16.-17.$0(OLS)http://semarc/subject/59414 830 0$aCarré Histoire ;$v21.$0(OLS)http://semarc/title/457878 850 $aSeMil 852 $aSeMil$W1$xVenegono$y1$m3U II 671$j266772$B256937$CSeMilBibl$Z2$F256937 $81 961 $aBuzzi mons. Franco - Omaggio 996 $6020$a978-2-01-145973-2$9(OLS)http://semarc/number/305159 996 $6245$aL'affirmation de l'État absolu 1492-1652 :$bhistoire de la France$9(OLS)http://semarc/title/457877 996 $6264$aParis :$bHachette$9(OLS)http://semarc/publisher/35394